书目信息 |
| 书名: | Zhong Nan Hai, Beijing : | |
| 作者: | edited by the Editorial Board of "Zhong Nan Hai, Beijing" ... [et al.] ; photographs by Wang Chuanguo ...[et al.] | |
| 分册号: | ||
| 分册名: | 出版地: | Beijing : |
|
| 出版社: | China Pictorial | |
| 出版时间: | 1981. | |
| 页数: | [78] p. : | |
| 开本: | 26 cm. | |
| 丛书名: | ||
| 中图分类号: | ||
| 科图分类号: | ||
| 其他分类号: | H319.4 | |
| 主题词: | ||
| 电子资源: | ||
| 000 | 01326nam 2200313 a 4500 | |
| 001 | E0739646610 | |
| 004 | 000915864 | |
| 005 | 20070303110233.10 | |
| 008 | 000 0 eng | |
| 008 | 4001uueng0000000 | |
| 040 | @aNLC | |
| 043 | @aa-cc--- | |
| 050 | 04 | @aDS795.6.C48 @bP44 1981 |
| 090 | @aK928.701 @bZ63 | |
| 090 | @aH319.4 | |
| 096 | @aK928.701 | |
| 099 | @dH319.4@ex4 | |
| 245 | 00 | @aZhong Nan Hai, Beijing : :@bpolitical centre of ;@acountry of one billion / @cedited by the Editorial Board of "Zhong Nan Hai, Beijing" ... [et al.] ; photographs by Wang Chuanguo ...[et al.] |
| 246 | 33 | @a北京中南海 : @b十亿人民国家的政治中心 |
| 250 | @aEnglish, 1st ed. | |
| 260 | @aBeijing :@bChina Pictorial,@c1981. | |
| 300 | @a[78] p. :@bchiefly ill. (some col.) ;@c26 cm. | |
| 500 | @aPhotographs by Wang Chuanguo and others. | |
| 610 | 20 | @aZhongnan hai (Beijing, China) @xPictorial works. |
| 651 | 0 | @aBeijing (China) @xBuildings, structures, etc. @xPictorial works. |
| 651 | 0 | @aBeijing (China) @xPublic buildings @xPictorial works. |
| 700 | 1 | @aWang, Chuanguo. |
| 710 | 2 | @aEditorial Board of "Zhong Nan Hai, Beijing". @b40 @c20030919 @lNLC09 @h1326 @b40 @c20031127 @lNLC09 @h1418 @b40 @c20031127 @lNLC09 @h1419 @b40 @c20031202 @lNLC09 @h1557 |
| 852 | 0 | @bWWJC @cJ09 @k2C-2003 @hK928.701 @iZ63 |
| Zhong Nan Hai, Beijing : : : political centre of ; ; country of one billion / / edited by the Editorial Board of "Zhong Nan Hai, Beijing" ... [et al.] ; photographs by Wang Chuanguo ...[et al.].-English, 1st ed.-Beijing : : China Pictorial, , 1981. |
| [78] p. : : chiefly ill. (some col.) ; ; 26 cm. |
| Photographs by Wang Chuanguo and others. |
| ISBN |
| ● |
| 相关链接 |
|
|
|
|
正题名:Zhong Nan Hai, Beijing
索取号:H319.4/x4
 
预约/预借
| 序号 | 登录号 | 条形码 | 馆藏地/架位号 | 状态 | 备注 |
| 1 | 60489 | 202459026 | 第四借阅区/ [索取号:H319.4/x4] | 在馆 |